[Event "Olot Volcans op 3rd"]
[Site "Olot"]
[Date "2012.06.09"]
[Round "5"]
[White "Puigvert Vigo, Lluis"]
[Black "Sala Rodriguez, Albert Joan"]
[Result "1-0"]
[WhiteElo "1812"]
[BlackElo "1700"]
[PlyCount "44"]
[EventDate "2012.05.26"]
[EventType "swiss"]
[EventRounds "8"]
[EventCountry "ESP"]
[SourceTitle "CBM 148 Extra"]
[Source "ChessBase"]
[SourceDate "2012.06.22"]
[SourceVersion "1"]
[SourceVersionDate "2012.06.22"]
[SourceQuality "1"]

1. e4 e5 2. f4 exf4 3. Nf3 d5 4. exd5 Qxd5 5. Nc3 Qe6+ 6. Be2 Bd6 7. 0-0 h6 8. Re1 Ne7 9. b3 Qd7 10. Bb2 f6 11. Nd5 Nbc6 12. Bc4 Kd8 13. Nxe7 Bxe7 14. d4 Na5 15. Be6 Qc6 16. d5 Bc5+ 17. Kh1 Qb6 18. Nh4 Bd6 19. Qh5 Re8 20. Nf5 Bxe6 21. Nxg7 Re7 22. Bxf6 Bxd5 1-0

[Event "Olot Volcans op 3rd"]
[Site "Olot"]
[Date "2012.06.09"]
[Round "6"]
[White "Sala Rodriguez, Albert Joan"]
[Black "Cortes Fernandez, Roser"]
[Result "1-0"]
[WhiteElo "1700"]
[BlackElo "1700"]
[PlyCount "51"]
[EventDate "2012.05.26"]
[EventType "swiss"]
[EventRounds "8"]
[EventCountry "ESP"]
[SourceTitle "CBM 148 Extra"]
[Source "ChessBase"]
[SourceDate "2012.06.22"]
[SourceVersion "1"]
[SourceVersionDate "2012.06.22"]
[SourceQuality "1"]

1. e4 e5 2. Nf3 d6 3. Nc3 Nf6 4. Bc4 Nc6 5. Ng5 Be7 6. Nxf7 Bg4 7. f3 Qd7 8. Nxh8 Bh5 9. g4 Bf7 10. Nxf7 h6 11. Nh8 Nh7 12. Ng6 0-0-0 13. Nxe7+ Qxe7 14. Qe2 Nd4 15. Qd3 Rf8 16. Rf1 Ng5 17. Nd5 Ngxf3+ 18. Kd1 Qe6 19. Nb6+ axb6 20. Bxe6+ Kd8 21. c3 Nc6 22. Rxf3 Re8 23. Rf7 Rxe6 24. Rxg7 Rf6 25. Qc4 Ne7 26. Qa4 1-0

[Event "Olot Volcans op 3rd"]
[Site "Olot"]
[Date "2012.06.02"]
[Round "3"]
[White "Herrero Nogareda, Robert"]
[Black "Sala Rodriguez, Albert Joan"]
[Result "1-0"]
[WhiteElo "1854"]
[BlackElo "1700"]
[PlyCount "69"]
[EventDate "2012.05.26"]
[EventType "swiss"]
[EventRounds "8"]
[EventCountry "ESP"]
[SourceTitle "CBM 148 Extra"]
[Source "ChessBase"]
[SourceDate "2012.06.22"]
[SourceVersion "1"]
[SourceVersionDate "2012.06.22"]
[SourceQuality "1"]

1. d4 d5 2. c4 e6 3. Nc3 dxc4 4. e4 Bd7 5. Bxc4 Bb4 6. Nf3 h6 7. 0-0 Ne7 8. a3 Bxc3 9. bxc3 0-0 10. Bf4 Ng6 11. Bg3 Nc6 12. Qc2 Kh8 13. e5 Qe8 14. Ba2 Nce7 15. Bb1 Ba4 16. Qd3 Bb5 17. c4 Ba6 18. Re1 Qa4 19. Nd2 Rad8 20. Bc2 Qd7 21. Nf3 c5 22. Bh4 Rc8 23. Bxe7 Qxe7 24. Rac1 cxd4 25. Bb1 b5 26. Qxd4 Rxc4 27. Rxc4 bxc4 28. h4 Rd8 29. Qe4 Qxa3 30. h5 Nf8 31. Qf4 Kg8 32. Nh2 c3 33. Ng4 Qb3 34. Nf6+ gxf6 35. exf6 1-0

[Event "Olot Volcans op 3rd"]
[Site "Olot"]
[Date "2012.06.02"]
[Round "4"]
[White "Sala Rodriguez, Albert Joan"]
[Black "Yeste Costa, Eric"]
[Result "1-0"]
[WhiteElo "1700"]
[BlackElo "1700"]
[PlyCount "41"]
[EventDate "2012.05.26"]
[EventType "swiss"]
[EventRounds "8"]
[EventCountry "ESP"]
[SourceTitle "CBM 148 Extra"]
[Source "ChessBase"]
[SourceDate "2012.06.22"]
[SourceVersion "1"]
[SourceVersionDate "2012.06.22"]
[SourceQuality "1"]

1. e4 Nf6 2. Nc3 d5 3. exd5 Nxd5 4. Nxd5 Qxd5 5. Nf3 Bg4 6. Be2 Nc6 7. c3 0-0-0 8. d4 Qe4 9. 0-0 e5 10. Be3 f5 11. Ng5 Bxe2 12. Qxe2 Rd7 13. Nxe4 fxe4 14. Qg4 Bd6 15. Qxe4 exd4 16. Bxd4 Nxd4 17. cxd4 g5 18. Rad1 h5 19. Qg6 g4 20. Rfe1 Kd8 21. Qf6+ 1-0